Like water for chocolate / (Record no. 5129)

MARC details
000 -LEADER
fixed length control field 00791nam a2200217 4500
003 - CONTROL NUMBER IDENTIFIER
control field IeDuTC
005 - DATE AND TIME OF LATEST TRANSACTION
control field 20181127180829.0
008 - FIXED-LENGTH DATA ELEMENTS--GENERAL INFORMATION
fixed length control field 931213s1993 enk 000 1 eng
020 ## - INTERNATIONAL STANDARD BOOK NUMBER
International Standard Book Number 9780552995870
Terms of availability
100 1# - MAIN ENTRY--PERSONAL NAME
Personal name Esquivel, Laura,
Dates associated with a name 1950-
240 00 - UNIFORM TITLE
Uniform title Como agua para chocolate.
Language of a work English.
245 10 - TITLE STATEMENT
Title Like water for chocolate /
Statement of responsibility, etc. Laura Esquivel ; translated by Carol Christensen and Thomas Christensen.
260 ## - PUBLICATION, DISTRIBUTION, ETC.
Place of publication, distribution, etc. London :
Name of publisher, distributor, etc. Black Swan,
Date of publication, distribution, etc. 1993.
300 ## - PHYSICAL DESCRIPTION
Extent 221p.
650 ## - SUBJECT ADDED ENTRY--TOPICAL TERM
Topical term or geographic name entry element Cooking -- Mexico -- Fiction.
Form subdivision
General subdivision
Chronological subdivision
Geographic subdivision
Source of heading or term
Topical term or geographic name entry element Families -- Mexico -- Fiction.
Form subdivision
General subdivision
Chronological subdivision
Geographic subdivision
Source of heading or term
Topical term or geographic name entry element Love stories.
Form subdivision
General subdivision
Chronological subdivision
Geographic subdivision
Source of heading or term
Topical term or geographic name entry element Man-woman relationship -- Fiction.
Form subdivision
General subdivision
Chronological subdivision
Geographic subdivision
Source of heading or term
Topical term or geographic name entry element Mexico -- Fiction.
Form subdivision
General subdivision
Chronological subdivision
Geographic subdivision
Source of heading or term
700 1# - ADDED ENTRY--PERSONAL NAME
Personal name Esquivel, Laura,
Dates associated with a name 1950-.
Title of a work Like water for hot chocolate.
Holdings
Withdrawn status Lost status Source of classification or shelving scheme Damaged status Not for loan Collection code Home library Current library Shelving location Date acquired Serial Enumeration / chronology Inventory number Total Checkouts Full call number Barcode Date last seen Date last checked out Price effective from Koha item type
    Dewey Decimal Classification     Fiction RTC Library RTC Library Fiction 07/04/2022 9597 1 FIC 813.54 ESQ 30008194 03/01/2022 06/09/2019 27/11/2018 Fiction
Royal Thimphu College || All Right Reserved